LEADER 02254oam 2200613 450 001 9910707488803321 005 20160810140116.0 035 $a(CKB)5470000002464636 035 $a(OCoLC)760886921 035 $a(EXLCZ)995470000002464636 100 $a20111114j198006 ua 0 101 0 $aeng 135 $aurbn||||||||| 181 $ctxt$2rdacontent 182 $cc$2rdamedia 183 $acr$2rdacarrier 200 10$aHead-up transition behavior of pilots during simulated low-visibility approaches /$fRichard F. Haines 210 $a[Washington, D.C.] $cNational Aeronautics and Space Administration, Scientific and Technical Information Office$dJune 1980 215 $a1 online resource (iii, 31 pages) $cillustrations, forms 225 1 $aNASA technical paper ;$v1618 225 1 $aHead-up display (HUD) report ;$v6. 300 $aTitle from title screen (viewed on Aug. 10, 2016). 300 $a"June 1980." 300 $a"This Head-Up Display (HUD) Report is number six in a series." 300 $a"Performing Organization: Ames Research Center, NASA"--Report documentation page. 320 $aIncludes bibliographical references (pages 30-31). 606 $aCeilings (meteorology)$2nasat 606 $aHuman factors engineering$2nasat 606 $aJudgments$2nasat 606 $aPilot performance$2nasat 606 $aVisual perception$2nasat 606 $aAirplanes$xPiloting$2fast 606 $aAirports$xVisibility$2fast 615 7$aCeilings (meteorology) 615 7$aHuman factors engineering. 615 7$aJudgments. 615 7$aPilot performance. 615 7$aVisual perception. 615 7$aAirplanes$xPiloting. 615 7$aAirports$xVisibility. 700 $aHaines$b Richard F.$f1937-$01417518 712 02$aAmes Research Center. 712 02$aUnited States.$bNational Aeronautics and Space Administration.$bScientific and Technical Information Office, 801 0$bOCLCE 801 1$bOCLCE 801 2$bOCLCQ 801 2$bOCLCF 801 2$bOCLCQ 801 2$bOCLCO 801 2$bGPO 906 $aBOOK 912 $a9910707488803321 996 $aHead-up transition behavior of pilots during simulated low-visibility approaches$93526231 997 $aUNINA LEADER 02316nam 22005895u 450 001 9910157655303321 005 20211006145158.0 010 $a9783318036039 010 $a331803603X 035 $a(CKB)3780000000101849 035 $a(OCoLC)1046113487 035 $a(SZ-BaSKA)221905 035 $a(MiAaPQ)EBC31866903 035 $a(Au-PeEL)EBL31866903 035 $a(EXLCZ)993780000000101849 100 $a20211006d1990 uy 0 101 0 $aeng 135 $aurunu||||| 181 $ctxt$2rdacontent 182 $cc$2rdamedia 183 $acr$2rdacarrier 200 10$aNutritional Adaptation to New Life-Styles : $e27th Symposium of the Group of European Nutritionists on Nutritional Adaptations to New Life- Styles, Helsinki, June 1989 / $f editors, J.C. Somogyi, E.H. Koskinen 205 $a1st ed. 210 $aBasel : $cS. Karger, $d1990 215 $a1 online resource (VIII + 220 pages) : $c 25 figures, 54 tables 225 1 $aIssn Series 311 08$a9783805551830 311 08$a3805551835 327 $a978-3-8055-5183-0_Cover -- 978-3-8055-5183-0_00I -- 978-3-8055-5183-0_001 -- 978-3-8055-5183-0_017 -- 978-3-8055-5183-0_030 -- 978-3-8055-5183-0_052 -- 978-3-8055-5183-0_059 -- 978-3-8055-5183-0_072 -- 978-3-8055-5183-0_080 -- 978-3-8055-5183-0_092 -- 978-3-8055-5183-0_104 -- 978-3-8055-5183-0_108 -- 978-3-8055-5183-0_117 -- 978-3-8055-5183-0_125 -- 978-3-8055-5183-0_133 -- 978-3-8055-5183-0_143 -- 978-3-8055-5183-0_157 -- 978-3-8055-5183-0_165 -- 978-3-8055-5183-0_176 -- 978-3-8055-5183-0_195 -- 978-3-8055-5183-0_208 -- 978-3-8055-5183-0_217. 410 0$aIssn Series 606 $aNutrition 606 $aBehavioral Research 606 $aPreventive Medicine 606 $aPublic Health 606 $aSocial Medicine 606 $aSociology 615 14$aNutrition 615 24$aBehavioral Research 615 24$aPreventive Medicine 615 24$aPublic Health 615 24$aSocial Medicine 615 24$aSociology 676 $a363.8/094 700 $aSomogyi$b J.C 701 $aSomogyi$b J. C$g(Johann Carl)$01230448 701 $aKoskinen$b Esko H$01234681 801 0$bUKSKG 801 1$bUKSKG 906 $aBOOK 912 $a9910157655303321 996 $aNutritional Adaptation to New Life-Styles$92868157 997 $aUNINA LEADER 05330nam 2200745Ia 450 001 9910822598003321 005 20200520144314.0 010 $a9781118444740 010 $a1118444744 010 $a9781118444689 010 $a111844468X 010 $a9781299464797 010 $a1299464793 010 $a9781118444757 010 $a1118444752 035 $a(CKB)2550000001019387 035 $a(EBL)1166777 035 $a(OCoLC)850209339 035 $a(SSID)ssj0000856336 035 $a(PQKBManifestationID)11510182 035 $a(PQKBTitleCode)TC0000856336 035 $a(PQKBWorkID)10806701 035 $a(PQKB)11297196 035 $a(MiAaPQ)EBC1166777 035 $a(Au-PeEL)EBL1166777 035 $a(CaPaEBR)ebr10687873 035 $a(CaONFJC)MIL477729 035 $a(Perlego)1010479 035 $a(EXLCZ)992550000001019387 100 $a20130411d2013 uy 0 101 0 $aeng 135 $aur|n||||||||| 181 $ctxt 182 $cc 183 $acr 200 00$aIrritable Bowel Syndrome $ediagnosis and clinical management /$fedited by Anton Emmanuel and Eamonn M.M. Quigley 205 $a1st ed. 210 $aNew York $cWiley$d2013 215 $a1 online resource (336 p.) 300 $aDescription based upon print version of record. 311 08$a9781118538623 311 08$a1118538625 327 $aIrritable Bowel Syndrome: Diagnosis and Clinical Management; Copyright; Contents; List of Contributors; Foreword; Preface; Part 1 Overview of Irritable Bowel Syndrome; Chapter 1 Definitions and Classifications of Irritable Bowel Syndrome; Background; Definitions of irritable bowel syndrome; Classification of irritable bowel syndrome; Conclusions; References; Chapter 2 Epidemiology of Irritable Bowel Syndrome; Introduction; Methodology; Prevalence in various populations; Type of diagnostic criteria; Recruitment of patients; Age; Sex differences; Reporters and non-reporters; Subtypes of IBS 327 $aFluctuation in severityFollow up; Post-infectious IBS; Other risk factors; Summary; Acknowledgement; References; Multiple Choice Questions; Chapter 3 Global Impact of Irritable Bowel Syndrome; Global prevalence of IBS; Global impact of IBS; Impact of comorbidity; Economic consequences of patient assessment; Economic impact of management strategies; Conclusion; References; Multiple Choice Questions; Part 2 Diagnosis of Irritable Bowel Syndrome; Chapter 4 What is the Best Way to Identify and Quantify Irritable Bowel Syndrome?; Best way to identify IBS; Best way to quantify IBS 327 $aRelation of symptom severity to clinical responseConclusion; References; Multiple Choice Questions; Chapter 5 Practical Approach to Clinical Assessment of Irritable Bowel Syndrome; Introduction; Gathering information before the interview; Interview; Clinical features; Somatization and comorbidities; Precipitating events; Physical examination; Investigations and management; Conclusion; Useful web links; References; Multiple Choice Questions; Chapter 6 Interface between Primary Care and Secondary Care; Introduction; IBS in primary care; Presentation to primary care; Principles of primary care 327 $aDiagnostic criteria and guidelines - making a positive diagnosisInvestigating IBS in primary care; Management of IBS in primary care; Lifestyle advice; Diet; Pharmacological therapy; Attitudes towards IBS; Developing a positive doctor-patient relationship; Referral to secondary care; The role of secondary care; Primary/secondary care communication; Multidisciplinary management of complex IBS; Managing IBS in the community: future developments; Conclusion; Useful web links; References; Multiple Choice Questions; Part 3 Symptom-specific Treatment of Irritable Bowel Syndrome 327 $aChapter 7 Self-Management Strategies for Irritable Bowel SyndromeSelf-efficacy; Five core self-management skills; Patient-clinician communication; Clinician/facilitator's role; Patient barriers to success; Self-management integrated into health care; Self-management recommendations in current guidelines and systematic reviews; Summary; Useful web links; Self-help books for IBS patients; References; Multiple Choice Questions; Chapter 8 Food-related Symptoms of Irritable Bowel Syndrome; Importance of the relationship between food and IBS; Elimination diets; Elimination and supplementation diet 327 $aSupplementation diets 330 $aThis comprehensive yet concise guide to the diagnosis and management of IBS is divided into four main parts: Overview, Diagnosis, Symptom-specific Treatment, and What's Next in IBS. Each chapter includes a summary of key points, and most chapters include cases and multiple choice questions for rapid review. Clinicians who manage patients with IBS will want to keep this dependable reference close at hand. 606 $aColonic diseases 606 $aIrritable colon$vDiagnosis 615 0$aColonic diseases. 615 0$aIrritable colon 676 $a616.3 676 $a616.3/42 676 $a616.342 701 $aEmmanuel$b Anton$01600243 701 $aQuigley$b Eamonn M. M$01600244 801 0$bMiAaPQ 801 1$bMiAaPQ 801 2$bMiAaPQ 906 $aBOOK 912 $a9910822598003321 996 $aIrritable Bowel Syndrome$93923260 997 $aUNINA